000
00285nam a22001217a 4500
008
170512b xxu||||| |||| 00| 0 eng d
041
_a
eng
080
_a
94
100
_a
16
101
_a
SHH
245
_a
TEH NEW ILLUSTRATED HISTORY OF THE WORLD
_c
COLES.J
942
_2
udc
_c
BK
999
_c
13300
_d
13300